| 000 | 00591nam a2200181Ia 4500 | ||
|---|---|---|---|
| 008 | 090124s9999 xx 000 0 und d | ||
| 082 | _b39412 | ||
| 100 | _aपिंगे रवींद्र | ||
| 245 | _a जिवलग सारे | ||
| 250 | _a0 | ||
| 260 |
_bज्ञानदा पब्लिकेशन्स प्रा. लि. _c2000 |
||
| 300 | _a147 | ||
| 600 | _aपिंगे रवींद्र | ||
| 630 | _a जिवलग सारे | ||
| 700 | _aपिंगे रवींद्र | ||
| 730 | _a जिवलग सारे | ||
| 942 | _cBOOK | ||
| 999 |
_c105366 _d105366 |
||